Music Quiz

Random Music or Musical Quiz
Score 0/16 Timer 06:00
3 Plays Today
Cryptogram Instrument % Correct
VEORSPIANO
81%
FSRFGONG
71.8%
FLEJONGUITAR
71.2%
CTLJAFLUTE
71.2%
PESTOVIOLA
70.4%
WOBBSSRBASSOON
70.3%
JNLXVAJTRUMPET
69.8%
WORDSBANJO
65.9%
Cryptogram Instrument % Correct
OQQSNKESRACCORDION
62.8%
JNEORFTATRIANGLE
59.4%
SQONEROOCARINA
57.8%
NAQSNKANRECORDER
56%
WOFVEVABBAGPIPES
55.2%
MONVBEQMSNKHARPSICHORD
40.2%
ZMEBJTAWHISTLE
32.7%
HEJMANZITHER
32%
Remove Ads.
Support Sporcle.
Get the best of Sporcle when you Go Orange. This ad-free experience offers more features, more stats, and more fun while also helping to support Sporcle. Thank you for becoming a member.

You're not logged in!

Compare scores with friends on all Sporcle quizzes.
OR
Log In

Show Comments

Extras

Top Quizzes Today


Score Distribution

Your Account Isn't Verified!

In order to create a playlist on Sporcle, you need to verify the email address you used during registration. Go to your Sporcle Settings to finish the process.

Report this User

Report this user for behavior that violates our Community Guidelines.

Details: